| 000 | 00714nas a2200241 4500 | ||
|---|---|---|---|
| 001 | BR8803738 | ||
| 003 | BR-BrBNA | ||
| 005 | 20231205091202.0 | ||
| 007 | ta | ||
| 008 | 230509b bl.|||p| |||| 00| 00por d | ||
| 040 |
_aBR-BrBNA _bpor _cBiblioteca Nacional de Agricultura |
||
| 041 | _a(Pt) | ||
| 072 | _aN20 | ||
| 110 | 1 |
_aFundacao Instituto Agronomico do Parana, Curitiba (Brasil) _94910 |
|
| 245 | 1 | _aColheita mecanizada para pequenas propriedades | |
| 650 | _aCEIFADEIRA | ||
| 650 | _aTRACAO ANIMAL | ||
| 650 | _aCEIFA | ||
| 650 | _aTRIGO | ||
| 773 | 0 |
_tLavoura (Brazil) _xISSN 0023-9135 _g(Sep-Oct 1987), v. 90 p. 12-14 _wBR8803738 |
|
| 909 |
_a202311 _bLúcia _c55 _dLúcia Elande |
||
| 942 |
_2AGRIS _n0 _cANA |
||
| 999 |
_c123412 _d123412 |
||